[Event "Titled Tuesday intern op 04th Feb Early"]
[Site "Chess.com INT"]
[Date "2025.02.04"]
[Round "7"]
[White "Miserendino, Alfredo"]
[Black "Provotorov, Alexandr P"]
[Result "1-0"]
[WhiteElo "2032"]
[BlackElo "2212"]
[PlyCount "231"]
[EventDate "2025.02.04"]
[EventType "swiss (blitz)"]
[EventRounds "11"]
[EventCountry "USA"]
[SourceTitle "CB07_2025"]
[SourceDate "2025.02.12"]
[SourceVersion "1"]
[SourceVersionDate "2025.02.12"]
[SourceQuality "1"]

1. d4 Nf6 2. c4 d6 3. Nc3 Nbd7 4. e4 e5 5. Nf3 c6 6. Be2 Be7 7. 0-0 Qc7 8. h3 Nf8 9. Be3 Ng6 10. Qd2 0-0 11. Rac1 Re8 12. Rfd1 exd4 13. Qxd4 Nd7 14. Bg5 Bf8 15. h4 Nc5 16. Bd3 Ne5 17. Nxe5 dxe5 18. Qe3 Ne6 19. Qg3 Kh8 20. Be2 f6 21. Be3 Bc5 22. Bg4 Bxe3 23. fxe3 Nf8 24. h5 Qf7 25. Bf5 Ne6 26. Qg4 Ng5 27. Bxc8 Raxc8 28. Rd7 Qe6 29. Qxe6 Nxe6 30. Rxb7 a6 31. Rd1 h6 32. Ra7 Ra8 33. Rdd7 Rxa7 34. Rxa7 Nc5 35. b4 Nd3 36. a3 Nb2 37. c5 Rd8 38. Rxa6 Rd3 39. Kf1 Rxc3 40. Rxc6 Rxa3 41. b5 Nc4 42. b6 Rb3 43. Rc8+ Kh7 44. Kf2 Rb2+ 45. Kf3 Nxb6 46. cxb6 Rxb6 47. g4 Rb1 48. Rc7 Rf1+ 49. Kg3 Re1 50. Kf2 Rd1 51. Kf3 Kg8 52. Rc5 Kf7 53. Rd5 Rf1+ 54. Ke2 Rb1 55. Rd7+ Kg8 56. Rd5 Rg1 57. Kf3 Rf1+ 58. Ke2 Rh1 59. Kf3 Kh7 60. Rd6 Rh3+ 61. Kf2 Kg8 62. Rd7 Kf8 63. Rc7 Rh2+ 64. Kf3 Rh1 65. Kf2 Kg8 66. Kf3 Re1 67. Kf2 Rd1 68. Kf3 Rd2 69. Rc8+ Kh7 70. Rc7 Rd3 71. Ke2 Ra3 72. Kf3 Ra2 73. Kg3 Rd2 74. Kf3 Kg8 75. Kg3 Kf8 76. Kf3 Rd6 77. Rc8+ Ke7 78. Rc7+ Rd7 79. Rc8 Kd6 80. Rc1 Ke6 81. Rc2 Rd1 82. Re2 Rf1+ 83. Kg2 Rd1 84. Kf3 Kd6 85. Kg3 Kc5 86. Kf3 Kc4 87. Ra2 Kd3 88. Ra3+ Kd2 89. Ra7 Rf1+ 90. Kg2 Re1 91. Rxg7 Kxe3 92. Rg6 Kxe4 93. Rxf6 Re2+ 94. Kg3 Re3+ 95. Kh4 Rf3 96. Rxh6 Kd3 97. Rd6+ Ke2 98. h6 Rf1 99. g5 Rh1+ 100. Kg4 e4 101. Kf5 e3 102. Kg6 Kf2 103. Re6 e2 104. h7 Rh3 105. Rxe2+ Kxe2 106. Kg7 Kf3 107. g6 Rh4 108. h8Q Kf4 109. Qxh4+ Kf3 110. Qh6 Ke4 111. Kh7 Kf5 112. g7 Kg4 113. g8Q+ Kf3 114. Qgg5 Ke4 115. Qhh4+ Kf3 116. Qgg3+ 1-0

[Event "Titled Tuesday intern op 04th Feb Early"]
[Site "Chess.com INT"]
[Date "2025.02.04"]
[Round "11"]
[White "Sharshenbekov, Emir"]
[Black "Provotorov, Alexandr P"]
[Result "1-0"]
[WhiteElo "2078"]
[BlackElo "2212"]
[PlyCount "81"]
[EventDate "2025.02.04"]
[EventType "swiss (blitz)"]
[EventRounds "11"]
[EventCountry "USA"]
[SourceTitle "CB07_2025"]
[SourceDate "2025.02.12"]
[SourceVersion "1"]
[SourceVersionDate "2025.02.12"]
[SourceQuality "1"]

1. e4 e5 2. Nf3 Nc6 3. Nc3 Nf6 4. Bb5 Bd6 5. 0-0 a6 6. Bxc6 dxc6 7. d4 Nd7 8. Bg5 f6 9. Be3 0-0 10. Qe2 Qe8 11. Rad1 Kh8 12. d5 c5 13. a4 a5 14. Nb5 b6 15. Qc4 Ba6 16. Qb3 Qg6 17. Qc4 Qf7 18. Nd2 g6 19. f3 Qe7 20. Qb3 f5 21. Nc4 Nf6 22. Bg5 Qd7 23. Nbxd6 cxd6 24. Nxb6 Qf7 25. Bxf6+ Qxf6 26. Nd7 Qe7 27. Nxf8 Bxf1 28. Ne6 Ba6 29. Qb6 Qa7 30. Qxd6 c4+ 31. Kh1 fxe4 32. Qxe5+ Kg8 33. fxe4 Re8 34. d6 Qd7 35. Qxa5 Rxe6 36. Qxa6 Rxe4 37. Qa8+ Kg7 38. Qxe4 c3 39. Qe7+ Qxe7 40. dxe7 Kf7 41. bxc3 1-0

[Event "Titled Tuesday intern op 28th Jan Early"]
[Site "Chess.com INT"]
[Date "2025.01.28"]
[Round "10"]
[White "Aaradhya, Das"]
[Black "Provotorov, Alexandr P"]
[Result "1-0"]
[WhiteElo "1776"]
[BlackElo "2212"]
[PlyCount "93"]
[EventDate "2025.01.28"]
[EventType "swiss (blitz)"]
[EventRounds "11"]
[EventCountry "USA"]
[SourceTitle "CB06_2025"]
[SourceDate "2025.02.05"]
[SourceVersion "1"]
[SourceVersionDate "2025.02.05"]
[SourceQuality "1"]

1. d4 Nf6 2. Nf3 d6 3. Bf4 g6 4. e3 Bg7 5. Nbd2 Nfd7 6. Bg3 e5 7. c3 Nc6 8. d5 Ne7 9. e4 0-0 10. Bd3 c6 11. c4 Nc5 12. Bc2 a5 13. a3 cxd5 14. cxd5 f5 15. 0-0 h6 16. h3 f4 17. Bh2 g5 18. b4 Na6 19. Bd3 Ng6 20. Nc4 g4 21. hxg4 Bxg4 22. bxa5 Nc5 23. Re1 Kh8 24. Be2 Bxf3 25. Bxf3 Rg8 26. Kf1 Bf8 27. Bg4 Qh4 28. Bg1 Be7 29. f3 h5 30. Bh3 Qg5 31. Bxc5 dxc5 32. d6 Bf6 33. Qd5 Nh4 34. Re2 Nxf3 35. Rf2 Nd4 36. Rd1 f3 37. Qxc5 Rac8 38. Bxc8 fxg2+ 39. Kg1 Qh4 40. Rxg2 Nf3+ 41. Kf1 Qh1+ 42. Ke2 Qxg2+ 43. Kd3 Nd4 44. Nxe5 Ne6 45. Bxe6 Rg3+ 46. Kd4 Qf2+ 47. Kd5 1-0

[Event "Titled Tuesday intern op 28th Jan Early"]
[Site "Chess.com INT"]
[Date "2025.01.28"]
[Round "6"]
[White "Provotorov, Alexandr P"]
[Black "Boci, Mateo"]
[Result "1-0"]
[WhiteElo "2212"]
[BlackElo "2312"]
[PlyCount "67"]
[EventDate "2025.01.28"]
[EventType "swiss (blitz)"]
[EventRounds "11"]
[EventCountry "USA"]
[SourceTitle "CB06_2025"]
[SourceDate "2025.02.05"]
[SourceVersion "1"]
[SourceVersionDate "2025.02.05"]
[SourceQuality "1"]

1. e4 c5 2. c3 Nf6 3. e5 Nd5 4. d4 cxd4 5. Nf3 Nc6 6. cxd4 e6 7. a3 d6 8. Bd3 Be7 9. 0-0 0-0 10. Re1 Bd7 11. exd6 Bxd6 12. Nc3 a6 13. Ne4 Bc7 14. Bc2 g6 15. Bh6 Re8 16. Bb3 Bf4 17. Bxf4 Nxf4 18. Qd2 Nd5 19. Qh6 f5 20. Nd6 Rf8 21. Nxb7 Qc7 22. Nc5 Rae8 23. Nxd7 Qxd7 24. Rad1 Qd6 25. h3 Kh8 26. Ng5 Qd7 27. Nxe6 Rg8 28. Nc5 Qd6 29. Bxd5 Qxd5 30. Rxe8 Rxe8 31. Qg5 Qd6 32. Qd2 Kg8 33. Nxa6 Nxd4 34. Qd3 1-0

[Event "Titled Tuesday intern op 21st Jan Late"]
[Site "Chess.com INT"]
[Date "2025.01.21"]
[Round "9"]
[White "Mohammadi, Melika"]
[Black "Provotorov, Alexandr P"]
[Result "1-0"]
[WhiteElo "2181"]
[BlackElo "2212"]
[PlyCount "73"]
[EventDate "2025.01.21"]
[EventType "swiss (blitz)"]
[EventRounds "11"]
[EventCountry "USA"]
[SourceTitle "CB05_2025"]
[SourceDate "2025.01.29"]
[SourceVersion "1"]
[SourceVersionDate "2025.01.29"]
[SourceQuality "1"]

1. c4 Nf6 2. Nc3 c6 3. d4 d6 4. Nf3 Nbd7 5. e4 e5 6. Be3 Ng4 7. Bg5 Be7 8. Bc1 0-0 9. h3 Ngf6 10. Be2 a6 11. 0-0 b5 12. cxb5 axb5 13. d5 cxd5 14. Nxd5 Nxd5 15. Qxd5 Nb6 16. Qd1 Bd7 17. Be3 Nc4 18. Bxc4 bxc4 19. Qc2 Be6 20. Rfd1 Qb8 21. Nd2 Rc8 22. Nb1 Qb7 23. Nc3 Rab8 24. Rab1 h6 25. Nd5 Bxd5 26. Rxd5 f5 27. a4 fxe4 28. Qxe4 c3 29. b4 c2 30. Rc1 Qxb4 31. Qf5 Qxa4 32. Qe6+ Kf8 33. Rd3 Qe8 34. Bxh6 gxh6 35. Qxh6+ Kf7 36. Rf3+ Kg8 37. Rg3+ 1-0

[Event "Titled Tuesday intern op 21st Jan Late"]
[Site "Chess.com INT"]
[Date "2025.01.21"]
[Round "11"]
[White "Provotorov, Alexandr P"]
[Black "Chakrabarty, Reyaansh"]
[Result "1/2-1/2"]
[WhiteElo "2212"]
[BlackElo "2190"]
[PlyCount "114"]
[EventDate "2025.01.21"]
[EventType "swiss (blitz)"]
[EventRounds "11"]
[EventCountry "USA"]
[SourceTitle "CB05_2025"]
[SourceDate "2025.01.29"]
[SourceVersion "1"]
[SourceVersionDate "2025.01.29"]
[SourceQuality "1"]

1. e4 c6 2. c4 d5 3. exd5 cxd5 4. cxd5 Nf6 5. Nc3 Nxd5 6. Nf3 Nc6 7. Bb5 a6 8. Bxc6+ bxc6 9. d4 g6 10. 0-0 Bg7 11. Re1 0-0 12. h3 Qd6 13. Bg5 Re8 14. Qd2 Bf5 15. Bh6 Nb4 16. Bxg7 Kxg7 17. Rad1 Rad8 18. a3 Nd5 19. Ne4 Qb8 20. Ng3 Bc8 21. Qg5 Qxb2 22. Nh4 Nf6 23. Nhf5+ Bxf5 24. Nxf5+ Kh8 25. Nxe7 Ng8 26. Nxc6 Rxe1+ 27. Rxe1 Rc8 28. d5 Qxa3 29. Qe5+ f6 30. Qe6 Qf8 31. Nd4 Rd8 32. Qxa6 Rxd5 33. Nf3 Qd6 34. Qc8 Rd1 35. Rxd1 Qxd1+ 36. Kh2 Qd6+ 37. g3 Qd5 38. Kg2 Qd6 39. Qe8 Qd5 40. h4 Kg7 41. h5 Qxh5 42. Qd7+ Kh8 43. Nd4 Qe5 44. Ne6 f5 45. Ng5 Nf6 46. Nf7+ Kg7 47. Nxe5+ Nxd7 48. Nxd7 h5 49. f4 g5 50. fxg5 Kg6 51. Ne5+ Kxg5 52. Nf3+ Kg4 53. Ne5+ Kg5 54. Nf7+ Kg4 55. Nh6+ Kg5 56. Nf7+ Kg4 57. Ne5+ Kg5 1/2-1/2

[Event "Titled Tuesday intern op 21st Jan Late"]
[Site "Chess.com INT"]
[Date "2025.01.21"]
[Round "10"]
[White "Vaganian, Rafael A"]
[Black "Provotorov, Alexandr P"]
[Result "1-0"]
[WhiteElo "2449"]
[BlackElo "2212"]
[PlyCount "155"]
[EventDate "2025.01.21"]
[EventType "swiss (blitz)"]
[EventRounds "11"]
[EventCountry "USA"]
[SourceTitle "CB05_2025"]
[SourceDate "2025.01.29"]
[SourceVersion "1"]
[SourceVersionDate "2025.01.29"]
[SourceQuality "1"]

1. d4 Nf6 2. Nf3 d6 3. g3 g6 4. Bg2 Bg7 5. 0-0 0-0 6. c4 Nbd7 7. Nc3 e5 8. e4 c6 9. h3 Ne8 10. Be3 Qe7 11. Re1 Nc7 12. Qd2 f5 13. dxe5 dxe5 14. Bh6 f4 15. Bxg7 Kxg7 16. Rad1 Ne6 17. Qd6 Qxd6 18. Rxd6 Re8 19. Red1 Nef8 20. Ne2 fxg3 21. fxg3 a5 22. Nc3 Nc5 23. Rd8 Rxd8 24. Rxd8 Nfe6 25. Rd2 Kf6 26. h4 Bd7 27. Na4 Be8 28. Nxc5 Nxc5 29. Ng5 h6 30. Nh3 Ke7 31. Nf2 Bf7 32. Ng4 Bxc4 33. b3 Be6 34. Nxe5 g5 35. hxg5 hxg5 36. Rc2 Nd7 37. Nf3 g4 38. Nd4 Rd8 39. Nf5+ Bxf5 40. exf5 Ne5 41. Rc5 Kf6 42. Rxa5 Rd1+ 43. Kf2 Rd2+ 44. Kf1 Rd1+ 45. Kf2 Rd2+ 46. Kf1 Rd1+ 47. Ke2 Rg1 48. Kf2 Rd1 49. Be4 Rd2+ 50. Ke3 Rd1 51. Ra7 Re1+ 52. Kd4 c5+ 53. Kd5 Rd1+ 54. Kxc5 Nd7+ 55. Kb4 b6 56. Bc6 Ne5 57. Kb5 Rc1 58. Be4 Rc5+ 59. Kxb6 Rc3 60. Bd5 Rxg3 61. b4 Rd3 62. Kc5 g3 63. b5 Nf3 64. Bxf3 Rxf3 65. Ra8 Rxf5+ 66. Kc6 Rg5 67. Rf8+ Ke7 68. Rf1 g2 69. Rg1 Rg6+ 70. Kc7 Rg3 71. b6 Ke6 72. b7 Rc3+ 73. Kb8 Rc2 74. a4 Kd6 75. a5 Kc6 76. a6 Kb6 77. a7 Ra2 78. a8Q 1-0